Espèces : Périssodactyles - Statistiques

Statistiques générales
  • Ce quiz a été pris 35 fois
  • Le résultat moyen est 8 sur 18
Statistiques - réponses
Par images Réponse % Correct
Cheval domestique
100%
Âne commun
80%
Rhinocéros blanc
72%
Rhinocéros noir
72%
Rhinocéros de Java
56%
Cheval de Przewalski
48%
Rhinocéros de Sumatra
48%
Tapir de Malaisie
48%
Rhinocéros indien
40%
Onagre
36%
Zèbre de Grévy
36%
Zèbre des plaines
32%
Tapir du Brésil
28%
Zèbre de montagne
28%
Tapir de Baird
24%
Tapir des montagnes
24%
Kiang
20%
Petit tapir noir
8%
Aucun quiz correspondant
Distribution des résultats
% des personnes avec chaque résultat
Percentile par nombre de réponses
Votre historique - résultats
Vous n’avez pas pris ce quiz